[Event "IX American Continental Classical Championship 201"]
[Site "Hotel Pipa AtlÃ¢ntico - Praia da Pipa - Rio Grande"]
[Date "2014.10.20"]
[Round "4"]
[Board "58"]
[White "Cardoso, Almir Correia"]
[Black "Prado Filho, Ricardo De Almeid"]
[Result "0-1"]
[WhiteElo "2066"]
[BlackElo "1893"]
[PlyCount "70"]
[EventDate "2014.10.18"]
[EventRounds "11"]
[EventCountry "BRA"]

1. e4 c5 2. Nf3 Nc6 3. d4 cxd4 4. Nxd4 e5 5. Nb5 a6 6. Nd6+ Bxd6 7. Qxd6 Qe7 8.
Qd1 Nf6 9. Nc3 h6 10. Be2 b5 11. Be3 Qb4 12. O-O Nxe4 13. Nxe4 Qxe4 14. Bd3 Qh4
15. Bc5 Bb7 16. Re1 d5 17. g3 Qf6 18. Bf1 d4 19. Bg2 O-O-O 20. b4 h5 21. a4
bxa4 22. Rxa4 h4 23. Qe2 hxg3 24. fxg3 Qh6 25. h3 Qg6 26. Ra3 f5 27. b5 axb5
28. Qxb5 e4 29. Rb1 Rd7 30. Rba1 Nb8 31. Qb2 e3 32. Bxd4 Qxg3 33. c3 Rxh3 34.
Kf1 Bxg2+ 35. Qxg2 Rh1+ 0-1

[Event "IX American Continental Classical Championship 201"]
[Site "Hotel Pipa AtlÃ¢ntico - Praia da Pipa - Rio Grande"]
[Date "2014.10.20"]
[Round "4"]
[Board "59"]
[White "Hernandez Amura, Gilberto"]
[Black "Carneiro, Francisco Caninde Sa"]
[Result "1-0"]
[WhiteElo "2061"]
[BlackElo "1887"]
[PlyCount "57"]
[EventDate "2014.10.18"]
[EventRounds "11"]
[EventCountry "BRA"]

1. e4 e5 2. Nf3 Nc6 3. Bb5 Nf6 4. d3 d6 5. c3 Be7 6. O-O O-O 7. Nbd2 Bd7 8. Re1
a6 9. Ba4 b5 10. Bc2 Bg4 11. h3 Bh5 12. Nf1 Nd7 13. g4 Bg6 14. Ng3 Re8 15. d4
exd4 16. cxd4 Nb6 17. b3 Qd7 18. Bb2 Rad8 19. d5 Nb8 20. Nf5 Bf8 21. Qd4 f6 22.
g5 fxg5 23. Nxg5 Bxf5 24. exf5 Qc8 25. Ne6 Rd7 26. f6 Rf7 27. fxg7 Be7 28. Qe4
Rxg7+ 29. Bxg7 1-0

[Event "IX American Continental Classical Championship 201"]
[Site "Hotel Pipa AtlÃ¢ntico - Praia da Pipa - Rio Grande"]
[Date "2014.10.20"]
[Round "4"]
[Board "60"]
[White "Gomes, Carlos Henrique Caldeir"]
[Black "Rocha, Vitor Firmo De Souza"]
[Result "0-1"]
[WhiteElo "1888"]
[BlackElo "2041"]
[PlyCount "38"]
[EventDate "2014.10.18"]
[EventRounds "11"]
[EventCountry "BRA"]

1. d4 d5 2. Nf3 e6 3. Nbd2 c5 4. c3 Nc6 5. e3 Nf6 6. Bd3 Bd6 7. O-O O-O 8. dxc5
Bxc5 9. e4 Re8 10. Re1 e5 11. exd5 Nxd5 12. Qc2 h6 13. b4 Bd6 14. Bb2 Nf4 15.
Bf1 Qc7 16. Nc4 Bg4 17. Nxd6 Qxd6 18. Rad1 Qf6 19. Qe4 Nh3+ 0-1

[Event "IX American Continental Classical Championship 201"]
[Site "Hotel Pipa AtlÃ¢ntico - Praia da Pipa - Rio Grande"]
[Date "2014.10.20"]
[Round "4"]
[Board "61"]
[White "Hurtado Bahamonde, Rodrigo"]
[Black "Gomes, Marco Tulio"]
[Result "1-0"]
[WhiteElo "2040"]
[BlackElo "1880"]
[PlyCount "77"]
[EventDate "2014.10.18"]
[EventRounds "11"]
[EventCountry "BRA"]

1. d4 d5 2. c4 c6 3. Nc3 Nf6 4. e3 e6 5. Nf3 Nbd7 6. Bd3 dxc4 7. Bxc4 b5 8. Bd3
a6 9. O-O Be7 10. e4 Qc7 11. Bg5 b4 12. Na4 Bb7 13. Rc1 h6 14. Bh4 O-O 15. Bb1
Rfd8 16. Qc2 Nf8 17. Nc5 Rac8 18. Rfd1 Ng6 19. Bg3 Qb6 20. e5 Nd5 21. Nxe6 Re8
22. Nc5 Bxc5 23. Qxc5 Qxc5 24. Rxc5 Ngf4 25. Bxf4 Nxf4 26. Bf5 Rcd8 27. g3 Nd5
28. Be4 Kf8 29. Rdc1 Ne7 30. R1c4 Ba8 31. Ra5 Rb8 32. Rxa6 Red8 33. Ra4 Rbc8
34. Ra7 Rb8 35. Nd2 Nc8 36. Ra6 Bb7 37. Ra5 Ra8 38. Nb3 Nb6 39. Rxb4 1-0

[Event "IX American Continental Classical Championship 201"]
[Site "Hotel Pipa AtlÃ¢ntico - Praia da Pipa - Rio Grande"]
[Date "2014.10.20"]
[Round "4"]
[Board "62"]
[White "Lunelli, Neuri Antonio"]
[Black "Xavier, Lucca Lucas"]
[Result "0-1"]
[WhiteElo "1887"]
[BlackElo "2039"]
[PlyCount "68"]
[EventDate "2014.10.18"]
[EventRounds "11"]
[EventCountry "BRA"]

1. d4 Nf6 2. e3 d5 3. Bd3 c5 4. c3 Nc6 5. f4 Bg4 6. Nf3 e6 7. Nbd2 Bd6 8. O-O
cxd4 9. cxd4 O-O 10. a3 Rc8 11. Qe1 Ne7 12. Ne5 Bf5 13. Qe2 Bxd3 14. Qxd3 Qc7
15. h3 Nf5 16. Kh2 Qc2 17. Ndf3 Bxe5 18. Nxe5 Ne4 19. Qd1 Qxd1 20. Rxd1 Rc2 21.
Nf3 Rfc8 22. b4 R8c3 23. Bd2 Nxd2 24. Rxd2 Rxd2 25. Nxd2 Nxe3 26. Ra2 Rc2 27.
Rxc2 Nxc2 28. Nb3 Nxa3 29. Na1 Kf8 30. Kg3 Ke7 31. Kf3 Kd6 32. Ke3 Kc6 33. Kd3
Kb5 34. Kc3 Ka4 0-1

[Event "IX American Continental Classical Championship 201"]
[Site "Hotel Pipa AtlÃ¢ntico - Praia da Pipa - Rio Grande"]
[Date "2014.10.20"]
[Round "4"]
[Board "63"]
[White "Cella, Glaucio Dalla Cortt"]
[Black "De Freitas, Julio Eimard"]
[Result "1/2-1/2"]
[WhiteElo "2033"]
[BlackElo "1872"]
[PlyCount "62"]
[EventDate "2014.10.18"]
[EventRounds "11"]
[EventCountry "BRA"]

1. e4 c5 2. Nf3 d6 3. c3 Nf6 4. Be2 Nc6 5. d4 cxd4 6. cxd4 e6 7. Nc3 Be7 8. Bf4
O-O 9. O-O a6 10. e5 Nd5 11. Nxd5 exd5 12. Qb3 Be6 13. Qxb7 Na5 14. Qb4 dxe5
15. Qd2 exf4 16. Qxf4 Qd6 17. Qd2 Qb4 18. Qxb4 Bxb4 19. a3 Be7 20. Rac1 Rfb8
21. b4 Nc4 22. Bxc4 dxc4 23. Rfd1 Bd5 24. Ne5 a5 25. Nxc4 axb4 26. axb4 Bxc4
27. Rxc4 Rxb4 28. Rc7 Rxd4 29. Rb1 Rad8 30. Rxe7 Rd1+ 31. Re1 Rxb1 1/2-1/2

[Event "IX American Continental Classical Championship 201"]
[Site "Hotel Pipa AtlÃ¢ntico - Praia da Pipa - Rio Grande"]
[Date "2014.10.20"]
[Round "4"]
[Board "64"]
[White "Farias, Edilsom"]
[Black "Rodrigues, Nei Jorge"]
[Result "1-0"]
[WhiteElo "1874"]
[BlackElo "2033"]
[PlyCount "105"]
[EventDate "2014.10.18"]
[EventRounds "11"]
[EventCountry "BRA"]

1. d4 Nf6 2. c4 d6 3. Nc3 Bf5 4. Qb3 Qc8 5. Nf3 g6 6. Bg5 Bg7 7. e3 O-O 8. Bxf6
exf6 9. Be2 Re8 10. O-O c6 11. Rfe1 h5 12. Rad1 Na6 13. Nh4 Bd7 14. e4 c5 15.
d5 Nc7 16. Qc2 Qd8 17. Nf3 a6 18. a4 b6 19. h3 Rb8 20. Bd3 g5 21. Nh2 b5 22.
Qe2 b4 23. Nb1 Bxa4 24. Rd2 h4 25. Qh5 Bd7 26. Nf3 a5 27. Rde2 a4 28. e5 dxe5
29. Nbd2 Rb6 30. Ne4 Bf5 31. Nexg5 fxg5 32. Bxf5 Rh6 33. Qxg5 Qxg5 34. Nxg5 a3
35. bxa3 bxa3 36. Ne4 Rb6 37. Ra2 Ra8 38. Re3 Bh6 39. Rexa3 Rb1+ 40. Kh2 Rxa3
41. Rxa3 Bf4+ 42. g3 hxg3+ 43. fxg3 Rb2+ 44. Kg1 Bc1 45. Ra7 Nxd5 46. cxd5 c4
47. Rc7 Rb5 48. Rxc4 Be3+ 49. Kg2 Kg7 50. d6 Rd5 51. d7 Bb6 52. Rc6 Bd8 53. Rc5
 1-0

[Event "IX American Continental Classical Championship 201"]
[Site "Hotel Pipa AtlÃ¢ntico - Praia da Pipa - Rio Grande"]
[Date "2014.10.20"]
[Round "4"]
[Board "65"]
[White "Pinheiro, Davi Sales"]
[Black "Cortes Arias, Mariela"]
[Result "1-0"]
[WhiteElo "2022"]
[BlackElo "1858"]
[PlyCount "101"]
[EventDate "2014.10.18"]
[EventRounds "11"]
[EventCountry "BRA"]

1. d4 Nf6 2. c4 g6 3. Nc3 Bg7 4. Nf3 O-O 5. g3 d6 6. Bg2 c5 7. d5 e5 8. O-O Ne8
9. h3 h6 10. e4 f5 11. Nh4 Kh7 12. exf5 gxf5 13. Qh5 Qf6 14. g4 Qf7 15. Qxf7
Rxf7 16. Nxf5 Bxf5 17. gxf5 Nd7 18. Be4 Nef6 19. Bc2 a6 20. Be3 Kh8 21. Kh1 Nb6
22. b3 Nc8 23. Rae1 Ne7 24. Ne2 Nh5 25. Ng3 Nf4 26. Bxf4 exf4 27. Nh5 Be5 28.
f6 Ng8 29. Bg6 Rff8 30. f7 Ne7 31. Nxf4 Kg7 32. Bh5 Rxf7 33. Ne6+ Kf6 34. Bxf7
Kxf7 35. f4 Bf6 36. f5 Rg8 37. Re2 Be5 38. Rg2 Rxg2 39. Kxg2 Kf6 40. Nd8 b6 41.
Kf3 Kxf5 42. Ke3+ Kg6 43. Ke4 Bf6 44. Rg1+ Kh5 45. Nf7 Bd4 46. Rg2 Kh4 47. Nxd6
Kxh3 48. Re2 Kg4 49. Nf7 Nf5 50. Ne5+ Kg5 51. Rg2+ 1-0

[Event "IX American Continental Classical Championship 201"]
[Site "Hotel Pipa AtlÃ¢ntico - Praia da Pipa - Rio Grande"]
[Date "2014.10.20"]
[Round "4"]
[Board "66"]
[White "Reboucas, Deive Pacheco"]
[Black "Macedo, Alexandre Soares De"]
[Result "1-0"]
[WhiteElo "2008"]
[BlackElo "1854"]
[PlyCount "133"]
[EventDate "2014.10.18"]
[EventRounds "11"]
[EventCountry "BRA"]

1. Nf3 c5 2. b3 g6 3. Bb2 Nf6 4. e4 Bg7 5. e5 Nd5 6. c4 Nc7 7. Qc2 Nc6 8. a3
Ne6 9. g3 Qc7 10. Qe4 b6 11. Nc3 Bb7 12. Nd5 Qb8 13. Bg2 d6 14. O-O-O dxe5 15.
Rhe1 f6 16. h4 Kf7 17. h5 Ncd4 18. Bxd4 Nxd4 19. Nxd4 cxd4 20. Qh4 Re8 21. h6
Bh8 22. Qh1 Qd6 23. Kb2 a5 24. f4 exf4 25. Nxf4 Bxg2 26. Qxg2 Rab8 27. Re6 Qd7
28. Rde1 d3 29. Nd5 f5+ 30. Ka2 Bf6 31. a4 Red8 32. g4 Qxe6 33. Rxe6 Kxe6 34.
Qf3 fxg4 35. Qxg4+ Kf7 36. Qf4 Rb7 37. Qf3 Rbb8 38. Qf4 Rb7 39. Qe4 Rbb8 40.
Qe3 Rd6 41. Qf4 Rbd8 42. Qf2 Ke8 43. Nc7+ Kf7 44. Nd5 Kg8 45. Qe3 Kf7 46. Qf2
Ke8 47. Ka3 Bg5 48. Qe1 R8d7 49. Qe5 Bf6 50. Qe3 Bh8 51. Qxd3 e6 52. Qe4 Rf7
53. Nxb6 Bf6 54. Qa8+ Bd8 55. c5 Rxd2 56. Nc4 Rfd7 57. Nxd2 Rxd2 58. c6 Kf7 59.
Qb7+ Be7+ 60. b4 Rc2 61. c7 Bxb4+ 62. Kb3 Rc3+ 63. Kb2 Kf6 64. c8=Q Rxc8 65.
Qxc8 Kg5 66. Qc1+ Kf5 67. Qc7 1-0

[Event "IX American Continental Classical Championship 201"]
[Site "Hotel Pipa AtlÃ¢ntico - Praia da Pipa - Rio Grande"]
[Date "2014.10.20"]
[Round "4"]
[Board "67"]
[White "Gomes, Jose Murilo"]
[Black "Santos, Sidclay Souza"]
[Result "0-1"]
[WhiteElo "1864"]
[BlackElo "2007"]
[PlyCount "92"]
[EventDate "2014.10.18"]
[EventRounds "11"]
[EventCountry "BRA"]

1. e4 e6 2. d4 d5 3. e5 c5 4. c3 Nc6 5. Nf3 Qb6 6. a3 c4 7. Be2 Bd7 8. O-O h6
9. Ne1 O-O-O 10. Nc2 Nge7 11. Nb4 Na5 12. Nd2 f6 13. f4 Nf5 14. Nf3 Be7 15. g4
Nb3 16. Rb1 Bxb4 17. axb4 Ne7 18. Be3 Be8 19. Nd2 Bg6 20. Nxb3 Bxb1 21. Qxb1
cxb3 22. Qd1 fxe5 23. fxe5 Nc6 24. Qd2 Rhf8 25. Ra1 Rf7 26. Bf2 Rdf8 27. Bg3
Kb8 28. Qd1 g6 29. Kg2 Rg7 30. Qxb3 h5 31. gxh5 gxh5 32. Bxh5 Rh8 33. Qd1 Qd8
34. Bg4 Qg5 35. h3 b6 36. Qd3 Ne7 37. Rf1 Rhg8 38. Rf3 Nf5 39. Kh2 Kb7 40. b3
Nxg3 41. Kxg3 Rh8 42. Kf2 Qc1 43. Ke2 Rxg4 44. Rf7+ Kb8 45. Qa6 Re4+ 46. Kf2
Rf4+ 0-1

[Event "IX American Continental Classical Championship 201"]
[Site "Hotel Pipa AtlÃ¢ntico - Praia da Pipa - Rio Grande"]
[Date "2014.10.20"]
[Round "4"]
[Board "68"]
[White "Chaves, Jorge Antonio Torres"]
[Black "Reis, Virginia Lagrange M."]
[Result "0-1"]
[WhiteElo "2006"]
[BlackElo "1852"]
[PlyCount "112"]
[EventDate "2014.10.18"]
[EventRounds "11"]
[EventCountry "BRA"]

1. e4 c5 2. Nf3 Nc6 3. d4 cxd4 4. Bc4 e6 5. O-O Bc5 6. Bf4 d6 7. Nbd2 Nf6 8. e5
dxe5 9. Nxe5 O-O 10. Nxc6 bxc6 11. Qf3 Nd5 12. Ne4 Nxf4 13. Qxf4 Be7 14. Rad1
Qb6 15. Rd3 c5 16. Rb3 Qc6 17. Qf3 Bd7 18. Bb5 Qc7 19. Bxd7 Qxd7 20. Qh5 Qd5
21. Qe2 Rab8 22. c4 Qc6 23. Rh3 e5 24. g4 Rb6 25. b3 a5 26. f4 f5 27. gxf5 Rxf5
28. Ng3 Rf7 29. f5 Bg5 30. Rd1 Be3+ 31. Kf1 Rxf5+ 32. Ke1 Rg5 33. Rh5 Rxh5 34.
Qxh5 Qf6 35. Ne4 Qg6 36. Qxg6 Rxg6 37. Nxc5 Rg1+ 38. Ke2 Rg2+ 39. Kf3 Rxa2 40.
Ke4 Bf4 41. h3 Rh2 42. Ra1 Rxh3 43. Rxa5 d3 44. Ra8+ Kf7 45. Ra7+ Kg6 46. Ra6+
Kh5 47. Ne6 Re3+ 48. Kf5 g6+ 49. Kf6 d2 50. Rd6 Rxb3 51. Nxf4+ exf4 52. Rxd2
Rc3 53. Rd5+ Kg4 54. Rd4 Kg3 55. Ke5 f3 56. Rf4 f2 0-1

[Event "IX American Continental Classical Championship 201"]
[Site "Hotel Pipa AtlÃ¢ntico - Praia da Pipa - Rio Grande"]
[Date "2014.10.20"]
[Round "4"]
[Board "69"]
[White "Da Silva, Izael Brasilino Arau"]
[Black "Barreto Junior, Williem Silva"]
[Result "1-0"]
[WhiteElo "1857"]
[BlackElo "2006"]
[PlyCount "63"]
[EventDate "2014.10.18"]
[EventRounds "11"]
[EventCountry "BRA"]

1. d4 Nf6 2. Nf3 g6 3. c4 Bg7 4. Nc3 O-O 5. g3 d6 6. Bg2 c6 7. O-O Qc7 8. e4 e5
9. Re1 Re8 10. Bg5 Bg4 11. Qd3 Bxf3 12. Qxf3 Nbd7 13. Be3 Rac8 14. Rad1 a6 15.
Bh3 Rb8 16. Re2 exd4 17. Bxd4 Ne5 18. Bxe5 dxe5 19. c5 Rbd8 20. Red2 Qa5 21. b4
Qc7 22. Rd6 Rxd6 23. cxd6 Qb8 24. Na4 Rd8 25. d7 Qc7 26. Nc5 h5 27. Qd3 Bf8 28.
Qc4 b5 29. Qc2 Bxc5 30. Qxc5 Nxe4 31. Qe7 f5 32. Bg2 1-0

[Event "IX American Continental Classical Championship 201"]
[Site "Hotel Pipa AtlÃ¢ntico - Praia da Pipa - Rio Grande"]
[Date "2014.10.20"]
[Round "4"]
[Board "70"]
[White "Leao, Flavio Sanchez"]
[Black "Jorquera Cabello, Valentina"]
[Result "0-1"]
[WhiteElo "1847"]
[BlackElo "2000"]
[PlyCount "68"]
[EventDate "2014.10.18"]
[EventRounds "11"]
[EventCountry "BRA"]

1. e4 c5 2. c4 d6 3. Nf3 Bg4 4. Be2 Nc6 5. d3 g6 6. h3 Bxf3 7. Bxf3 Bg7 8. Nc3
e6 9. O-O Nge7 10. Be3 O-O 11. Qd2 Nd4 12. Bd1 Nec6 13. Ba4 a6 14. Bxc6 Nxc6
15. Bh6 Rb8 16. Bxg7 Kxg7 17. Rab1 b5 18. b3 Qd7 19. Ne2 d5 20. Rbd1 d4 21.
cxb5 axb5 22. Rc1 Qa7 23. Ra1 Rfc8 24. a4 bxa4 25. bxa4 Rb4 26. Qc2 Rcb8 27.
Rac1 Ne5 28. Qxc5 Qxc5 29. Rxc5 Nxd3 30. Ra5 Nb2 31. Rb5 R8xb5 32. axb5 d3 33.
Nc3 Rb3 34. Rb1 Rxc3 0-1

[Event "IX American Continental Classical Championship 201"]
[Site "Hotel Pipa AtlÃ¢ntico - Praia da Pipa - Rio Grande"]
[Date "2014.10.20"]
[Round "4"]
[Board "71"]
[White "Moura, Paulo Jorge Alves B."]
[Black "Lucena, Helianto Dos Santos"]
[Result "0-1"]
[WhiteElo "2000"]
[BlackElo "1846"]
[PlyCount "70"]
[EventDate "2014.10.18"]
[EventRounds "11"]
[EventCountry "BRA"]

1. d4 Nf6 2. c4 g6 3. Nc3 Bg7 4. e4 d6 5. g3 O-O 6. Bg2 c6 7. Nge2 e5 8. d5
cxd5 9. cxd5 Bg4 10. f3 Bd7 11. Qb3 Qc7 12. Be3 Na6 13. Rc1 Nc5 14. Qd1 a5 15.
O-O b6 16. a4 Qd8 17. f4 Ng4 18. Bd2 Nd3 19. Rb1 Qc7 20. Rf3 Qc5+ 21. Be3 Nxe3
22. Qxd3 Ng4+ 23. Kh1 Nf2+ 24. Rxf2 Qxf2 25. Rf1 Qc5 26. Rc1 Qc8 27. Qe3 Qd8
28. h3 Rc8 29. Kh2 Rc5 30. Rd1 Qc7 31. Bf1 h5 32. Qf2 Qd8 33. Qf3 Qe8 34. Qd3
Bxa4 35. Qa6 Bxd1 0-1

[Event "IX American Continental Classical Championship 201"]
[Site "Hotel Pipa AtlÃ¢ntico - Praia da Pipa - Rio Grande"]
[Date "2014.10.20"]
[Round "4"]
[Board "72"]
[White "Serafim Junior, Arnor"]
[Black "Moccero, Eduardo"]
[Result "1-0"]
[WhiteElo "1811"]
[BlackElo "1997"]
[PlyCount "97"]
[EventDate "2014.10.18"]
[EventRounds "11"]
[EventCountry "BRA"]

1. c4 Nc6 2. Nc3 Nf6 3. e4 e5 4. Nf3 Bc5 5. Be2 d6 6. d3 a6 7. Bg5 h6 8. Bh4
Be6 9. a3 Nd4 10. Nd5 g5 11. Bg3 c6 12. Ne3 Qd7 13. Nxd4 Bxd4 14. Qd2 h5 15. h4
g4 16. Rb1 Nh7 17. Nc2 Ke7 18. Nxd4 exd4 19. Qa5 b5 20. Qb6 c5 21. e5 Rhc8 22.
Qxd6+ Qxd6 23. exd6+ Kd7 24. f3 bxc4 25. dxc4 Nf6 26. Be5 Ne8 27. fxg4 hxg4 28.
h5 f6 29. Bf4 Nxd6 30. Bxd6 Kxd6 31. b4 Bf5 32. Rd1 Re8 33. Kf2 Re3 34. h6 Rae8
35. Bf1 g3+ 36. Kg1 Re1 37. bxc5+ Kxc5 38. Rxe1 Rxe1 39. Rh5 Re5 40. h7 Bxh7
41. Rxh7 f5 42. Rd7 a5 43. Rd5+ Rxd5 44. cxd5 Kxd5 45. Bd3 Ke5 46. Kf1 Kf4 47.
Ke2 Kg4 48. Bb5 f4 49. Bc6 1-0

[Event "IX American Continental Classical Championship 201"]
[Site "Hotel Pipa AtlÃ¢ntico - Praia da Pipa - Rio Grande"]
[Date "2014.10.20"]
[Round "4"]
[Board "73"]
[White "Pereira, Henry Alberto"]
[Black "Vasconcelos, Paulo Cesar Da S."]
[Result "1-0"]
[WhiteElo "1995"]
[BlackElo "1844"]
[PlyCount "45"]
[EventDate "2014.10.18"]
[EventRounds "11"]
[EventCountry "BRA"]

1. b3 d5 2. Bb2 Nf6 3. e3 c5 4. f4 Nc6 5. Bb5 Qb6 6. c4 a6 7. Bxc6+ bxc6 8. Qc2
dxc4 9. bxc4 Bf5 10. Qb3 Qxb3 11. axb3 Bc2 12. Nc3 Bxb3 13. d3 Ng4 14. Ke2 Bc2
15. Nf3 Rb8 16. Bc1 g6 17. Bd2 Rb2 18. h3 Nh6 19. Rxa6 Nf5 20. Rha1 Bg7 21.
Ra8+ Kd7 22. R1a7+ Ke6 23. Ng5+ 1-0

[Event "IX American Continental Classical Championship 201"]
[Site "Hotel Pipa AtlÃ¢ntico - Praia da Pipa - Rio Grande"]
[Date "2014.10.20"]
[Round "4"]
[Board "74"]
[White "Araujo, Vitor Angelo Lima"]
[Black "Albuquerque, Rafael Anderson"]
[Result "1-0"]
[WhiteElo "1840"]
[BlackElo "1981"]
[PlyCount "75"]
[EventDate "2014.10.18"]
[EventRounds "11"]
[EventCountry "BRA"]

1. d4 d5 2. c4 e6 3. Nc3 Nf6 4. Bg5 Be7 5. e3 c6 6. Nf3 Nbd7 7. Qc2 O-O 8. Bd3
dxc4 9. Bxc4 Nd5 10. Bxe7 Qxe7 11. O-O Nxc3 12. bxc3 e5 13. Be2 b6 14. Rfd1 Bb7
15. a4 Rad8 16. a5 exd4 17. cxd4 Ra8 18. a6 Bc8 19. Qxc6 Rb8 20. Qc7 Ra8 21.
Ne5 Qd8 22. Qxd8 Rxd8 23. Bf3 Nxe5 24. dxe5 Be6 25. Bxa8 Rxa8 26. Rac1 Kf8 27.
Rc7 Ke8 28. f4 h5 29. Kf2 Bc8 30. e4 g6 31. Rd6 b5 32. Ke3 b4 33. Kd2 h4 34.
Kc1 Be6 35. Kb2 Kf8 36. Rb7 b3 37. Rc7 Ke8 38. Rxe6+ 1-0

[Event "IX American Continental Classical Championship 201"]
[Site "Hotel Pipa AtlÃ¢ntico - Praia da Pipa - Rio Grande"]
[Date "2014.10.20"]
[Round "4"]
[Board "75"]
[White "Bulgarini Torre, Marco"]
[Black "Feijo, Francisco Celio"]
[Result "1-0"]
[WhiteElo "1978"]
[BlackElo "1825"]
[PlyCount "51"]
[EventDate "2014.10.18"]
[EventRounds "11"]
[EventCountry "BRA"]

1. e4 e6 2. d4 d5 3. Nd2 dxe4 4. Nxe4 Nf6 5. Bg5 Be7 6. Bxf6 gxf6 7. Nf3 Qd5 8.
Bd3 Nd7 9. O-O b6 10. c4 Qh5 11. Ng3 Qh6 12. Be4 Rb8 13. Qa4 a5 14. Bc6 Kd8 15.
Rad1 Bd6 16. a3 Rg8 17. b4 axb4 18. axb4 Bxg3 19. hxg3 Qf8 20. Qa7 Ke7 21. Rfe1
Qd8 22. d5 e5 23. Nd4 Kf8 24. Ne6+ fxe6 25. dxe6 Kg7 26. Qxb8 1-0

[Event "IX American Continental Classical Championship 201"]
[Site "Hotel Pipa AtlÃ¢ntico - Praia da Pipa - Rio Grande"]
[Date "2014.10.20"]
[Round "4"]
[Board "77"]
[White "Schuh, Astor Jose"]
[Black "Costa, Paulo Sergio"]
[Result "1-0"]
[WhiteElo "1956"]
[BlackElo "1806"]
[PlyCount "49"]
[EventDate "2014.10.18"]
[EventRounds "11"]
[EventCountry "BRA"]

1. e4 e5 2. Nf3 Nc6 3. Bc4 Bc5 4. c3 Nf6 5. d4 exd4 6. e5 Ng4 7. cxd4 Bb4+ 8.
Nc3 d5 9. Bd3 h5 10. h3 Nh6 11. Qc2 a6 12. Be3 Ba5 13. a3 Bxc3+ 14. bxc3 Be6
15. Rb1 Rb8 16. Bg5 Qd7 17. Nh4 Ng8 18. Nf5 g6 19. Ng7+ Kf8 20. Nxe6+ Qxe6 21.
O-O Kg7 22. f4 Kh7 23. f5 Qe8 24. fxg6+ fxg6 25. Bxg6+ 1-0

[Event "IX American Continental Classical Championship 201"]
[Site "Hotel Pipa AtlÃ¢ntico - Praia da Pipa - Rio Grande"]
[Date "2014.10.20"]
[Round "4"]
[Board "79"]
[White "Freitas, Remulo Aguiar"]
[Black "Silva, Carolina Alves"]
[Result "1-0"]
[WhiteElo "1944"]
[BlackElo "1791"]
[PlyCount "95"]
[EventDate "2014.10.18"]
[EventRounds "11"]
[EventCountry "BRA"]

1. d4 Nf6 2. c4 e6 3. Nc3 d5 4. Bg5 Be7 5. e3 O-O 6. Bd3 Nbd7 7. Nf3 b6 8. cxd5
exd5 9. Qc2 h6 10. Bh4 Bb7 11. O-O c5 12. Qe2 Re8 13. Rad1 Ne4 14. Bxe7 Qxe7
15. Bb5 Red8 16. dxc5 Nxc3 17. bxc3 Nxc5 18. Nd4 Rac8 19. Rc1 Ne4 20. Qb2 a6
21. Bd3 Nc5 22. Bf5 Rc7 23. Qxb6 g6 24. Bc2 Rd6 25. Qa5 Bc8 26. Nb3 Nb7 27. Qa3
Rxc3 28. Bxg6 Rxc1 29. Rxc1 Bh3 30. Bd3 Bxg2 31. Rc8+ Nd8 32. Rxd8+ Qxd8 33.
Kxg2 Qd7 34. Qb4 d4 35. Bf5 Qc6+ 36. e4 d3 37. Kf3 Qc7 38. Qd2 Qe7 39. Qf4 Qf8
40. e5 Rb6 41. Bxd3 Rb4 42. Qf5 Qa8+ 43. Be4 Qa7 44. Qh7+ Kf8 45. Qh8+ Ke7 46.
Qf6+ Kf8 47. Qxh6+ Ke7 48. Qd6+ 1-0

[Event "IX American Continental Classical Championship 201"]
[Site "Hotel Pipa AtlÃ¢ntico - Praia da Pipa - Rio Grande"]
[Date "2014.10.20"]
[Round "4"]
[Board "80"]
[White "Zimmermann, Kleber Renato P."]
[Black "Ribeiro, Jose Joselito"]
[Result "1-0"]
[WhiteElo "1938"]
[BlackElo "1733"]
[PlyCount "125"]
[EventDate "2014.10.18"]
[EventRounds "11"]
[EventCountry "BRA"]

1. d4 Nf6 2. c4 g6 3. Nc3 d5 4. Nf3 Bg7 5. Qb3 c6 6. cxd5 cxd5 7. Bf4 O-O 8. e3
Nc6 9. Be2 Na5 10. Qd1 Bf5 11. O-O Rc8 12. Rc1 a6 13. Nd2 b5 14. b4 Nc4 15. Nb3
Ne4 16. Nxe4 Bxe4 17. Nc5 a5 18. a4 axb4 19. axb5 Nd6 20. Qb3 Re8 21. Qxb4 Bf5
22. b6 Rb8 23. b7 e5 24. dxe5 Bxe5 25. Bxe5 Rxe5 26. Qd4 Qe7 27. Ra1 Nxb7 28.
Nxb7 Re4 29. Qxd5 Qxb7 30. Qxb7 Rxb7 31. Bf3 Reb4 32. Bxb7 Rxb7 33. f3 Kg7 34.
Rf2 h5 35. e4 Be6 36. Rc2 Kf6 37. Ra5 Rb1+ 38. Kf2 Rh1 39. Rcc5 Rb1 40. Rc2 Rh1
41. Kg3 Kg7 42. h4 Rb1 43. Kf4 Rh1 44. g3 Rg1 45. Rc6 Bh3 46. Ra7 Kg8 47. Rf6
Be6 48. Rxe6 fxe6 49. Re7 Kf8 50. Rxe6 Kf7 51. Ra6 Rg2 52. Ra7+ Ke6 53. Ra5 Rg1
54. Rg5 Kf6 55. e5+ Kf7 56. Ke3 Re1+ 57. Kf2 Ra1 58. g4 Ra2+ 59. Kg3 hxg4 60.
Kxg4 Ra1 61. h5 gxh5+ 62. Rxh5 Rg1+ 63. Kf5 1-0

[Event "IX American Continental Classical Championship 201"]
[Site "Hotel Pipa AtlÃ¢ntico - Praia da Pipa - Rio Grande"]
[Date "2014.10.20"]
[Round "4"]
[Board "82"]
[White "Quaranta Neto, Francisco"]
[Black "Vieira, Erico Vinicius Duarte"]
[Result "1-0"]
[WhiteElo "1933"]
[BlackElo "1520"]
[PlyCount "75"]
[EventDate "2014.10.18"]
[EventRounds "11"]
[EventCountry "BRA"]

1. e4 d6 2. d4 Nf6 3. Bd3 g6 4. f4 Bg7 5. Nf3 O-O 6. O-O Na6 7. c3 c5 8. Qe2
Nc7 9. h3 Rb8 10. Rd1 b6 11. Be3 Bb7 12. dxc5 bxc5 13. Nbd2 Qd7 14. c4 Bc6 15.
e5 Nfe8 16. Ne4 f5 17. Nxc5 dxc5 18. Be4 Qc8 19. Bxc6 Ne6 20. Bd5 N8c7 21. Qf2
Kh8 22. g3 h6 23. h4 Rd8 24. Rac1 Qa6 25. b3 Qb6 26. Rd2 Nf8 27. Bxc5 Qa5 28.
Bxa7 Rbc8 29. Bb6 Qa3 30. Rcd1 e6 31. Bb7 Rxd2 32. Qxd2 Rb8 33. Bxc7 Rxb7 34.
Bd6 Qa7+ 35. c5 Nd7 36. Qf2 Nb8 37. Nd4 Rd7 38. c6 1-0

[Event "IX American Continental Classical Championship 201"]
[Site "Hotel Pipa AtlÃ¢ntico - Praia da Pipa - Rio Grande"]
[Date "2014.10.20"]
[Round "4"]
[Board "88"]
[White "Da Silva Filho, Ibernon Luiz"]
[Black "Moyses Sobrinho, Elias"]
[Result "0-1"]
[WhiteElo "1716"]
[BlackElo "1915"]
[PlyCount "88"]
[EventDate "2014.10.18"]
[EventRounds "11"]
[EventCountry "BRA"]

1. Nf3 Nf6 2. c4 g6 3. g3 Bg7 4. Bg2 c5 5. d4 cxd4 6. Nxd4 Nc6 7. Nxc6 bxc6 8.
e4 O-O 9. Nc3 Ba6 10. Qd3 Ng4 11. b3 Qb6 12. O-O Nxf2 13. Rxf2 Bd4 14. Qe2 Rab8
15. Bh6 Bxf2+ 16. Qxf2 Rfd8 17. Qxb6 axb6 18. Rd1 b5 19. cxb5 Bxb5 20. Nxb5
Rxb5 21. Bf1 Re5 22. Rd4 g5 23. h4 f6 24. Be2 Kf7 25. Bh5+ Kg8 26. hxg5 fxg5
27. Bg4 e6 28. Kf2 d5 29. Ke3 Kf7 30. Bh5+ Kf6 31. Ra4 Rxe4+ 32. Rxe4 dxe4 33.
Kxe4 c5 34. Ke3 Ra8 35. a4 Rb8 36. Kf2 Rxb3 37. Bf8 c4 38. Bd1 Rb2+ 39. Ke1 c3
40. Ba3 Ra2 41. Bc1 Ra1 42. Be3 c2 43. Bd4+ e5 44. Bxa1 c1=Q 0-1